MARC details
| 000 -LEADER |
| fixed length control field |
01348nam a2200361 a 4500 |
| 001 - CONTROL NUMBER |
| control field |
vtls001405093 |
| 003 - CONTROL NUMBER IDENTIFIER |
| control field |
NLI |
| 005 - DATE AND TIME OF LATEST TRANSACTION |
| control field |
20210627113607.0 |
| 008 - FIXED-LENGTH DATA ELEMENTS--GENERAL INFORMATION |
| fixed length control field |
121127s1978 coua 101 0 eng |
| 020 ## - INTERNATIONAL STANDARD BOOK NUMBER |
| International Standard Book Number |
0891582239 : |
| Terms of availability |
PND 16.50 |
| 039 #9 - LEVEL OF BIBLIOGRAPHIC CONTROL AND CODING DETAIL [OBSOLETE] |
| -- |
201211272032 |
| -- |
VLOAD |
| 040 ## - CATALOGING SOURCE |
| Original cataloging agency |
NLI |
| Language of cataloging |
eng |
| Transcribing agency |
Datasoft_2012 |
| Description conventions |
AACR2 |
| 041 0# - LANGUAGE CODE |
| Language code of text/sound track or separate title |
eng |
| 044 ## - COUNTRY OF PUBLISHING/PRODUCING ENTITY CODE |
| MARC country code |
cou |
| 082 04 - DEWEY DECIMAL CLASSIFICATION NUMBER |
| Classification number |
641.338 |
| 111 2# - MAIN ENTRY--MEETING NAME |
| Meeting name or jurisdiction name as entry element |
Proceedings of the Arthur D. Little, inc., Flavor Symposium, Cambridge, April 28 and 29, 1977. |
| 9 (RLIN) |
983556 |
| 245 10 - TITLE STATEMENT |
| Title |
Flavor, its chemical, behavioral and commercial aspects : |
| Remainder of title |
proceedings of the Arthur D. Little, inc., Flavor Symposium, 1977 / |
| Statement of responsibility, etc. |
edited by Charles M. Apt |
| 260 ## - PUBLICATION, DISTRIBUTION, ETC. |
| Place of publication, distribution, etc. |
Boulder, Colo. : |
| Name of publisher, distributor, etc. |
Westview Press, |
| Date of publication, distribution, etc. |
1978 |
| 300 ## - PHYSICAL DESCRIPTION |
| Extent |
xv, 229 p. : |
| Other physical details |
ill. ; |
| Dimensions |
23 cm. |
| 440 #0 - SERIES STATEMENT/ADDED ENTRY--TITLE |
| Title |
Westview special studies in science and technology |
| 9 (RLIN) |
983557 |
| 500 ## - GENERAL NOTE |
| General note |
Festschrift in honor of Loren Birger Sjostrom |
| 500 ## - GENERAL NOTE |
| General note |
Includes index |
| 600 10 - SUBJECT ADDED ENTRY--PERSONAL NAME |
| Personal name |
Sjostrom, Loren Birger |
| 9 (RLIN) |
983558 |
| 650 #0 - SUBJECT ADDED ENTRY--TOPICAL TERM |
| Topical term or geographic name entry element |
Food |
| General subdivision |
Sensory evaluation |
| -- |
Congresses |
| 9 (RLIN) |
983559 |
| 650 #0 - SUBJECT ADDED ENTRY--TOPICAL TERM |
| Topical term or geographic name entry element |
Flavor |
| General subdivision |
Congresses |
| 9 (RLIN) |
983560 |
| 650 #0 - SUBJECT ADDED ENTRY--TOPICAL TERM |
| Topical term or geographic name entry element |
Flavoring essences |
| General subdivision |
Congresses |
| 9 (RLIN) |
983561 |
| 700 1# - ADDED ENTRY--PERSONAL NAME |
| Personal name |
Apt, Charles M., |
| Relationship |
edt |
| 9 (RLIN) |
983562 |
| 710 2# - ADDED ENTRY--CORPORATE NAME |
| Corporate name or jurisdiction name as entry element |
Arthur D. Little, Inc |
| 9 (RLIN) |
707690 |
| 887 ## - NON-MARC INFORMATION FIELD |
| Content of non-MARC field |
|
| 901 ## - LOCAL DATA ELEMENT A, LDA (RLIN) |
| a |
450598 |
| b |
30.03.1979 |
| 902 ## - LOCAL DATA ELEMENT B, LDB (RLIN) |
| a |
S.T 641.338 Ar 77 |
| 942 ## - ADDED ENTRY ELEMENTS (KOHA) |
| Source of classification or shelving scheme |
Dewey Decimal Classification |
| Koha item type |
Books |